000 00653nam a2200181 a 4500
001 000048719
005 20260305073959.0
008 190410s2016 dr a r 000 spa d
020 _a9789945082586
040 _aDO-SdBNP
_bspa
_cBNPHU
082 _axxx
_bG377c
100 1 _aGerón, Candido,
_d1948-
_93577
245 0 _aCientos sententa y dos años de corrupción en la República Dominicana (1844-2016) :
_bcáncer globalizado /
_cCándido Gerón.
246 1 3 _a172 años de corrupción en la República Dominicana (1844-2016)
260 _aSanto Domingo :
_bSerigraf,
_c2016.
300 _a645 p. :
_bil. ;
_c24 cm.
590 _aInventariado, 2019 / DG
999 _c48207
_d48207